LEADER 00498nas a2200157 i 4500 001 000000133468 003 CaOOAMICUS 005 20050105000000.0 008 050105b it uu u0 0ita r 013 $a106487 040 $aSeMil$bita 245 10$aTitolo mancante. 773 0 $tSegnalazioni cinematografiche.$dRoma : [s.n.] $w()2932 850 $aSeMil 852 $aSeMil$W1$xVenegono$y1$mCOLL.PROV.$j87308$B87308$CSeMilBibl$Z2$F91077 $82 996 $6245$aTitolo mancante$9(OLS)http://semarc/title/46445 LEADER 01042nam a2200253 i 4500 001 000000201531 003 CaOOAMICUS 005 20141017000000.0 008 141017s1962 it u000 u ita u 013 $a180233 040 $aSeMil$bita 100 1 $aSaraggi, Giovanni.$0(OLS)http://semarc/name/49068 245 13$aLa vocazione sacerdotale secondo san Pio 10. /$cGiovanni Saraggi. 260 $aDomodossola :$bSteffanini,$cimprim. 1962. 300 $a87 p. ;$c22 cm . 500 $aCon dedica autografa dell'Autore. - Fondo card. Giovanni Colombo. 600 04$aPio X .$0(OLS)http://semarc/subject/2400 650 4$aVocazione sacerdotale.$0(OLS)http://semarc/subject/46 850 $aSeMil 852 $aSeMil$W1$xVenegono$y1$m3GC III 167$j152057$B152057$CSeMilBibl$Z2$F163233 $8B 941 1 $a3 961 $aLascito: Colombo Card. Giovanni 996 $6245$aLa vocazione sacerdotale secondo san Pio 10.$9(OLS)http://semarc/title/291643 996 $6260$aDomodossola :$bSteffanini$9(OLS)http://semarc/publisher/51620